000 00990nam a22003017a 4500
003 CHAP
005 20220329135053.0
008 971013s1964 r 00010 d
010 _a30437
011 _a31409
035 _a35521
040 _cCHAP
082 _a011
_bM3
100 0 0 _aMantecón Navasal, José Ignacio.
_970582
245 _aIndice de las traducciones impresas en México, 1959
260 _aMéxico, D.F. :
_bInstituto Bibliográfico Mexicano,
_c1964
300 _a247 p
490 _aAnexos al Boletín de la Biblioteca Nacional
_v; 1
590 _aBATCH-UPD
_b10
_c20130110
_lUCH01
_h1849
590 _aBATCH-UPD
_b10
_c20130410
_lUCH01
_h1219
590 _aBATCH-UPD
_b10
_c20130914
_lUCH01
_h2008
590 _aCONVERSION
_b10
_c20130109
_lUCH01
_h1317
650 1 4 _aTraducciones
_xBibliografía.
_9114596
830 0 _aAnexos al Boletin de la Biblioteca Nacional
_v; 1
_95747
901 _aBK
942 _cLIBRO
949 _a011 M3
_bBC
_cC
_d33724000479697
_eC
_i35521
_si
999 _c30437
_d30437